Top 10 Biggest Field Hockey Clubs in the Netherlands - Statistics

General Stats
  • This quiz has been taken 26 times
  • The average score is 5 of 10
Answer Stats
Number of members Province Answer % Correct
2261 North Holland AHBC
91%
3198 Utrecht SV Kampong
82%
2500 South Holland HC Rotterdam
77%
2385 North Brabant HC ’s-Hertogenbosch
73%
2029 North Holland THC Hurley
41%
2364 South Holland LOHC Leiden
32%
2153 North Brabant B.H.V. Push
27%
2200 North Brabant HC Tilburg
27%
2169 South Holland R.H.V. Leonidas
14%
2249 North Holland Gooische Hockeyclub
5%
No matching quizzes found
Score Distribution
Percent of People with Each Score
Percentile by Number Answered
Your Score History
You have not taken this quiz